000 00505nam a22001577a 4500
003 NUST
082 _a200
100 _aKhan, Zahid Iqbal
_928639
245 _aFog Resource Sharing to Enable Pay Per Use Model/
_cZahid Iqbal Khan,
264 _aIslamabad :
_bSEECS, NUST,
_c2023.
300 _a60 p. ;
_c30 cm.
650 _aMS- Information Technology
_926924
700 _aSupervisor: Dr. Hasan Ali Khattak
_997753
856 _uhttp://10.250.8.41:8080/xmlui/handle/123456789/37632
942 _2ddc
_cSC
999 _c603401
_d603401